|
|
|
|
| LEADER |
00000nam0a2200000 4500 |
| 001 |
310493 |
| 005 |
20231102002307.0 |
| 010 |
|
|
|b 20 экз.
|
| 035 |
|
|
|a (RuTPU)RU\TPU\book\335843
|
| 090 |
|
|
|a 310493
|
| 100 |
|
|
|a 20151126d1894 m y0rusy50 ca
|
| 101 |
0 |
|
|a rus
|
| 102 |
|
|
|a UA
|
| 105 |
|
|
|a y z 000zy
|
| 200 |
1 |
|
|a Исторические сюжеты в поэтической обработке
|f Д. И. Багалей
|
| 210 |
|
|
|a Харьков
|c Типография Губернского Правления
|d 1894
|
| 215 |
|
|
|a 74 с.
|
| 300 |
|
|
|a Отдельный оттиск из №№ 226, 229 и 230 "Харьковских Губернских ведомостей" за 1894 год.
|
| 300 |
|
|
|a Текст в русской дореформенной орфографии
|
| 316 |
|
|
|5 63413507: 26//126
|a С автографом автора. На титульном листе дарственная надпись: "Сердечно [нрзб] мною Ефиму Лукьяновичу и Ольге Александровне Зубашевым от автора"
|
| 317 |
|
|
|5 63413507: 26//126
|a Поступил в НТБ в 1914 г. в дар от первого директора ТТИ профессора Е. Л. Зубашева
|
| 606 |
1 |
|
|a Литературоведение
|x русская литература дореволюционная
|x русская литература современная
|2 stltpush
|3 (RuTPU)RU\TPU\subj\73115
|9 86316
|
| 610 |
1 |
|
|a литературоведческий анализ
|
| 610 |
1 |
|
|a поэтические произведения
|
| 610 |
1 |
|
|a исторические сюжеты
|
| 610 |
1 |
|
|a дарственные надписи
|
| 610 |
1 |
|
|a дары автора
|
| 610 |
1 |
|
|a дары библиотеке
|
| 610 |
1 |
|
|a Коллекция Е. Л. Зубашева
|
| 675 |
|
|
|a 8Р1
|v 4
|
| 700 |
|
1 |
|a Багалей
|b Д. И.
|c украинский историк
|c общественный деятель
|c ректор Харьковского Университета
|c вице-президент Украинской АН
|f 1857-1932
|g Дмитрий Иванович
|2 stltpush
|3 (RuTPU)RU\TPU\pers\35693
|9 18853
|
| 801 |
|
1 |
|a RU
|b 63413507
|c 20151126
|
| 801 |
|
2 |
|a RU
|b 63413507
|c 20210630
|g RCR
|
| 942 |
|
|
|c BK
|